Responses for Show #2609 - Thursday, December 28, 1995

1995-B Seniors Tournament final game 1.

Contestants

[<< previous game]

Phyllis Clark, a program coordinator from West Grove, Pennsylvania

Jerry Platzman, a pharmacist and attorney from Monsey, New York

David Cuneo, a former history teacher from Reisterstown, Maryland

[next game >>]

Jeopardy! Round responses

THE 1960s
NEWSPAPERS
FAMILIAR PHRASES
ANIMALS
WORLD CAPITALS
OLD RADIO
    $100 6
George Wallace

Jerry
    $100 7
Omaha

Jerry
    $100 10
as the crow flies

Phyllis
    $100 26
a crab

Jerry
    $100 1
Athens

David
    $100 21
(Jerry: Who is Garry Moore?)

Danny Thomas

JerryPhyllis
    $200 9
a weather satellite

Jerry
    $200 8
the Times

David
    $200 11
the chops

David
    $200 27
a giraffe

Jerry
    $200 2
Beirut

Jerry
    $200 22
Dick Tracy

David
    $300 12
the Pueblo

David
    $300 15
the Bahamas

David
    $300 18
cat's pajamas

Jerry
    $300 28
(Jerry: What are ostriches?)

an emu

DavidJerry
    $300 3
Belfast

David
    $300 23
Edgar Bergen

Jerry
    $400 13
Miranda

Jerry
    $400 16
the Virgin Islands

Jerry
    $400 19
the life of Reilly

Jerry
    $400 29
a goat

Phyllis
    $400 4
Tobago

Phyllis
    $400 24
Sgt. Preston

Phyllis
    $500 14
(Judge) Hoffman

David
    $1,000 17
(Jerry: What is Singapore?)

India

Jerry
    $500 20
vox populi

David
    $500 30
a baboon

Phyllis
    $500 5
Managua

David
    $500 25
(David: What is Stella Dallas?)

Portia

DavidPhyllis

Scores at the first commercial break (after clue 15):

David Jerry Phyllis
$2,400 $1,000 $500

Scores at the end of the Jeopardy! Round:

David Jerry Phyllis
$2,900 $1,300 $2,400

Double Jeopardy! Round responses

PSYCH 101
U.S. HISTORY
ART
POTPOURRI
MUSIC APPRECIATION
I LOVE A MYSTERY
    $200 21
an intelligence test

David
    $200 2
Reagan

David
    $200 22
van Gogh

David
    $200 1
bridges

David
    $200 7
boogie-woogie

Jerry
    $200 16
Mickey Spillane

Jerry
    $400 27
the id, ego, superego

David
    $400 3
Douglas

David
    $400 23
(Jerry: What is gesso?)
(David: What is mosaic?)
(Phyllis: What is impasto?)

fresco

DavidJerryPhyllis
Triple Stumper
    $400 8
(Phyllis: What is the summer solstice?)

the winter solstice

DavidPhyllis
    $400 9
bongos

Phyllis
    $400 17
Roosevelt

David
    $600 28
nature

Jerry
    $600 4
Hawaii

David
    $600 24
Whistler

David
    $600 10
the Constitution (Old Ironsides)

Jerry
    $600 13
Gilbert & Sullivan

David
    $1,000 18
Father

David
    $800 29
sibling rivarlry

Jerry
    $800 5
(Phyllis: What is Montreal?)

Quebec

DavidPhyllis
    $800 25
(Alex: We have less than a minute to go.)

tempera

Phyllis
    $800 11
Orville Redenbacher

Phyllis
    $800 14
Caruso

David
    $800 19
Gorky Park

Jerry
    $1000 30
teeth grinding

Phyllis
    $2,000 6
the Stamp Act

David
    $1000 26
El Greco

Jerry
    $1000 12
Chief Joseph

David
    $1000 15
(David: Who is Artie Shaw?)
(Jerry: Who is Fred Waring?)

Roger Wagner

DavidJerry
Triple Stumper
    $1000 20
Lawrence Sanders

Triple Stumper

Scores at the end of the Double Jeopardy! Round:

David Jerry Phyllis
$11,300 $4,100 $3,800

Final Jeopardy! Round responses

AWARDS
PhyllisWho is Mother Teresa?
$3,000
JerryWho is Mother Theresa?
$1,500
DavidWho is Mother Theresa
$1,300
Mother Teresa

Final scores:

David Jerry Phyllis
$12,600 $5,600 $6,800

Game dynamics:

Coryat scores:

David Jerry Phyllis
$9,900 $5,100 $3,800
27 R
(including 2 DDs),
3 W
18 R,
5 W
(including 1 DD)
11 R,
3 W

Combined Coryat: $18,800

[game clues] [game scores] [suggest correction]

Game tape date: Unknown
The J! Archive is created by fans, for fans. Scraping, republication, monetization, and malicious use prohibited; this site may use cookies and collect identifying information. See terms. The Jeopardy! game show and all elements thereof, including but not limited to copyright and trademark thereto, are the property of Jeopardy Productions, Inc. and are protected under law. This website is not affiliated with, sponsored by, or operated by Jeopardy Productions, Inc. Join the discussion at JBoard.tv.